000 00501nam a2200193Ia 4500
008 220216s9999 xx 000 0 und d
100 _aJalil N R A
245 0 _aPeriodicity of xylem growth of rubberwood (Hevea brasiliensis) grown in Malaysia
260 _bHolzforschung
_c1998
300 _a567-572
500 _aCAB CD 1999
650 _aMalaysia
650 _aWood properties
650 _aXylem growth
700 _aItoh T
700 _aJusoh M Z
700 _aSahri M H
942 _cBO
999 _c47874
_d47874